| 000 | 00553nam a22002057a 4500 | ||
|---|---|---|---|
| 003 | OSt | ||
| 005 | 20251007102701.0 | ||
| 008 | 210929b ||||| |||| 00| 0 eng d | ||
| 020 | _a0748705643 | ||
| 040 | _cmust | ||
| 082 | _a629.2HOM 1997 | ||
| 100 |
_aHomewood,Martin; _914959 |
||
| 245 |
_aAir Brake Technology. _cEdited by Homewood,Martin; |
||
| 250 | _a3rd ed | ||
| 260 |
_aEngland _bStanley Thornes (Publishers) Ltd. _c1997 |
||
| 300 |
_a vii,151p; _bill; _c19cm |
||
| 504 | _aIncludes; Index. | ||
| 650 |
_aPhysics _9809 |
||
| 942 |
_2ddc _cO_SHELF |
||
| 999 |
_c7289 _d7289 |
||